000 00924nam a2200217Ia 4500
999 _c37580
_d37580
001 3551
003 GE_BSU
005 20190620154214.0
008 181216s2005||||ge |||||||||||||| ||geo||
020 _a9994038435
040 _cGE_BSU
041 _ageo
080 _a579(075.8) შ–17
100 _aშათირიშვილი, ა.
_92669
245 _aმიკროევოლუციის საფუძვლები :
_bსახელმძღვ. ბიოლ. სპეც. სტუდ. /
_c რედ.: ი. ელიავა, თ. ლეჟავა ; თსუ.
264 _aთბილისი :
_bთბილ. უნ-ტის გამ-ბა,
_c2005.
300 _a312 გვ. ;
_b სურ. ;
_c20 სმ.
653 _aევოლუციური მოძღვრება
700 _aჭუჭულაშვილი, ი.
_eავტორი
_92670
942 _cBK
_2udc